00875cam a2200277 i 45000010009000000050017000090080041000260100017000670200028000840200015001120200024001270200021001510400028001720410008002000420008002080800019002160820023002351000007002581010008002652450060002735040072003339060045004059420012004509990017004629520118004791783250620180312105005.0130731s2014 maua b 001 0 eng  a 2013431417 a9780321880345 (Student) a032188034X a9780321880413 (AIE) a0321880412 (AIE) aDLCbengcDLCerdadDLC aeng apcc a428.40711 HER00a428.40711 HER2231 a25 aEDU14aThe Master Reader :cD.J. Henry, Daytona State College. aIncludes bibliographical references (pages 713-717, 719) and index. a7bcbccorigresd2encipf20gy-gencatlg 2ddccBK c44803d44803 00102udc40708PËKGa002b002cPËKGd2018-03-12l0o428.40711 HERp002-3001742r2018-03-12w2018-03-12yBK